Digital control system analysis and design (Record no. 13754)
[ view plain ]
| 000 -LEADER | |
|---|---|
| fixed length control field | 00492nam a22001937a 4500 |
| 020 ## - INTERNATIONAL STANDARD BOOK NUMBER | |
| International Standard Book Number | 9781292061221 |
| 082 ## - DEWEY DECIMAL CLASSIFICATION NUMBER | |
| Classification number | 629.895 PHI |
| 100 ## - MAIN ENTRY--PERSONAL NAME | |
| Personal name | Charles L. philips |
| 245 ## - TITLE STATEMENT | |
| Title | Digital control system analysis and design |
| 250 ## - EDITION STATEMENT | |
| Edition statement | 4th ed. |
| 260 ## - PUBLICATION, DISTRIBUTION, ETC. | |
| Place of publication, distribution, etc. | Boston |
| Name of publisher, distributor, etc. | Pearson |
| Date of publication, distribution, etc. | 2015 |
| 300 ## - PHYSICAL DESCRIPTION | |
| Extent | 528p. |
| 650 ## - SUBJECT ADDED ENTRY--TOPICAL TERM | |
| Topical term or geographic name entry element | Digital control systems |
| 650 ## - SUBJECT ADDED ENTRY--TOPICAL TERM | |
| Topical term or geographic name entry element | Electric filters |
| 650 ## - SUBJECT ADDED ENTRY--TOPICAL TERM | |
| Topical term or geographic name entry element | Intel 8080 (microprocessors) |
| 700 ## - ADDED ENTRY--PERSONAL NAME | |
| Personal name | H. Troy Nagle |
| 700 ## - ADDED ENTRY--PERSONAL NAME | |
| Personal name | Aranya Chakrabortty |
| 942 ## - ADDED ENTRY ELEMENTS (KOHA) | |
| Koha item type | Book |
| Withdrawn status | Lost status | Damaged status | Not for loan | Collection code | Permanent Location | Current Location | Shelving location | Date acquired | Source of acquisition | Cost, normal purchase price | Total Checkouts | Full call number | Barcode | Date last seen | Price effective from | Koha item type |
|---|---|---|---|---|---|---|---|---|---|---|---|---|---|---|---|---|
| Central Library (CL) | Central Library (CL) | General Stacks | 10/04/2016 | Allied Book Company | 8339.42 | 629.895 PHI | SEECS013544 | 10/04/2016 | 10/04/2016 | Book |
